Транспортировка и осаждение частиц в технологиях переработки дисперсных материалов: монография
| Prif Awdur: | |
|---|---|
| Awdur Corfforaethol: | |
| Awduron Eraill: | , |
| Crynodeb: | Заглавие с титульного экрана Электронная версия печатной публикации В монографии проведен анализ состояния дисперсных сред, потоков, характеристик средств транспортировки частиц с несущими, волочильными элементами, несущей средой. Рассмотрены факторы пылеобразования при переводе дисперсного материала в подвижное состояние. Рассмотрены вопросы концентрирования частиц в вихревых камерах и образование слоя. Представлен метод определения состояния слоя на пористой подложке газоочистительного фильтра. Предназначена для инженерно-технических и научных работников, занимающихся разработкой и эксплуатацией систем переработки дисперсных материалов. Будет полезна преподавателям и студентам Режим доступа: из корпоративной сети ТПУ |
| Iaith: | Rwseg |
| Cyhoeddwyd: |
Томск, Изд-во ТПУ, 2013
|
| Pynciau: | |
| Mynediad Ar-lein: | http://www.lib.tpu.ru/fulltext2/m/2014/m149.pdf |
| Fformat: | MixedMaterials Electronig Llyfr |
| KOHA link: | https://koha.lib.tpu.ru/cgi-bin/koha/opac-detail.pl?biblionumber=263634 |
MARC
| LEADER | 00000nlm0a2200000 4500 | ||
|---|---|---|---|
| 001 | 263634 | ||
| 005 | 20260206161630.0 | ||
| 035 | |a (RuTPU)RU\TPU\book\286622 | ||
| 090 | |a 263634 | ||
| 100 | |a 20140610d2013 k y0rusy50 ca | ||
| 101 | 0 | |a rus | |
| 102 | |a RU | ||
| 105 | |a a z 001zy | ||
| 135 | |a drcn ---uucaa | ||
| 181 | 0 | |a i | |
| 182 | 0 | |a b | |
| 200 | 1 | |a Транспортировка и осаждение частиц в технологиях переработки дисперсных материалов |e монография |f М. В. Василевский, В. И. Романдин, Е. Г. Зыков |g Национальный исследовательский Томский политехнический университет (ТПУ) | |
| 203 | |a Текст |c электронный | ||
| 210 | |a Томск |c Изд-во ТПУ |d 2013 | ||
| 300 | |a Заглавие с титульного экрана | ||
| 300 | |a Электронная версия печатной публикации | ||
| 330 | |a В монографии проведен анализ состояния дисперсных сред, потоков, характеристик средств транспортировки частиц с несущими, волочильными элементами, несущей средой. Рассмотрены факторы пылеобразования при переводе дисперсного материала в подвижное состояние. Рассмотрены вопросы концентрирования частиц в вихревых камерах и образование слоя. Представлен метод определения состояния слоя на пористой подложке газоочистительного фильтра. Предназначена для инженерно-технических и научных работников, занимающихся разработкой и эксплуатацией систем переработки дисперсных материалов. Будет полезна преподавателям и студентам | ||
| 333 | |a Режим доступа: из корпоративной сети ТПУ | ||
| 337 | |a Adobe Reader | ||
| 452 | 1 | |0 (RuTPU)RU\TPU\book\274898 |y 978-5-4387-0325-9 |t Транспортировка и осаждение частиц в технологиях переработки дисперсных материалов |o монография |f М. В. Василевский, В. И. Романдин, Е. Г. Зыков |g Национальный исследовательский Томский политехнический университет (ТПУ) |c Томск |n Изд-во ТПУ |d 2013 |p 288 с. |a Василевский, Михаил Викторович | |
| 606 | 1 | |a Дисперсные материалы |x Производство |x Физико-химические основы |2 stltpush |3 (RuTPU)RU\TPU\subj\31936 |9 54650 | |
| 610 | 1 | |a электронный ресурс | |
| 610 | 1 | |a труды учёных ТПУ | |
| 610 | 1 | |a монографии | |
| 610 | 1 | |a дисперсные среды | |
| 610 | 1 | |a газовзвеси | |
| 610 | 1 | |a потоки | |
| 610 | 1 | |a частицы | |
| 610 | 1 | |a трубопроводный транспорт | |
| 610 | 1 | |a дисперсные грузы | |
| 610 | 1 | |a транспортировка | |
| 610 | 1 | |a механические средства | |
| 610 | 1 | |a технологические схемы | |
| 610 | 1 | |a ленточные конвейеры | |
| 610 | 1 | |a скребковые конвейеры | |
| 610 | 1 | |a винтовые конвейеры | |
| 610 | 1 | |a элеваторы | |
| 610 | 1 | |a пневматические средства | |
| 610 | 1 | |a пневмотранспорт | |
| 610 | 1 | |a поршневые структуры | |
| 610 | 1 | |a вихревые камеры | |
| 610 | 1 | |a криволинейные каналы | |
| 675 | |a 661.182 |v 3 | ||
| 700 | 1 | |a Василевский |b М. В. |c специалист в области экологии и безопасности жизнедеятельности |c доцент Томского политехнического университета, кандидат технических наук |f 1940- |g Михаил Викторович |3 (RuTPU)RU\TPU\pers\26189 | |
| 701 | 1 | |a Романдин |b В. И. |g Владимир Иванович | |
| 701 | 1 | |a Зыков |b Е. Г. |g Евгений Геннадьевич | |
| 712 | 0 | 2 | |a Национальный исследовательский Томский политехнический университет |c (2009- ) |9 26305 |
| 801 | 1 | |a RU |b 63413507 |c 20140610 | |
| 801 | 2 | |a RU |b 63413507 |c 20150408 |g RCR | |
| 856 | 4 | |u http://www.lib.tpu.ru/fulltext2/m/2014/m149.pdf | |
| 942 | |c CF | ||